Caterina en Roma

Giancarlo es profesor de contabilidad en un pueblo; movido por el resentimiento decide trasladarse a Roma con su mujer Agata, a la que acompleja y humilla, y su hija Caterina, a la que incita a acercarse y a intimar con las compañeras de clase que proceden de familias importantes. Caterina, que se s...

Descripción completa

Guardado en:
Autor Principal: Virzi, Paolo.
Otros Autores: Teghil, Alice; reparto., Castellitto, Sergio; reparto., Buy, Margherita; reparto.
Formato: Deslizar
Idioma:Undetermined
Publicado: Italia : RAI Cinema, 2003.
Series:Archivo fílmico pedagógico. Jóvenes y escuelas
Materias:
Etiquetas: Agregar Etiqueta
Sin Etiquetas, Sea el primero en etiquetar este registro!
LEADER 01661ngm a22002535a 4500
001 CEM.cems020950
008 240320s2003####mx#---############vlund#d
005 20240320204949.0
245 1 0 |a Caterina en Roma  |h [videograbación] /  |c Paolo Virzi. 
260 |a Italia :  |b RAI Cinema,  |c 2003. 
300 |a 102'. 
490 1 |a Archivo fílmico pedagógico. Jóvenes y escuelas 
520 |a Giancarlo es profesor de contabilidad en un pueblo; movido por el resentimiento decide trasladarse a Roma con su mujer Agata, a la que acompleja y humilla, y su hija Caterina, a la que incita a acercarse y a intimar con las compañeras de clase que proceden de familias importantes. Caterina, que se siente desconcertada al verse en un ambiente tan distinto al del pueblo, se convierte inmediatamente en objeto de disputa y de rivalidad entre dos compañeras: Margherita y Daniela; la primera, hija de una escritora y de un renombrado intelectual de izquierda, y la segunda, hija de un importante miembro del gobierno de derecha. En el curso del año escolar, mientras que Caterina descubrirá un mundo falso y menos brillante de lo que parece, su padre experimentará la amargura del desengaño. 
590 |a Identificación anterior: 385 
538 |a Soporte: DVD 
500 |a Título original: Caterina va in città - Idioma original: Italiano - Subtítulos en español. 
100 1 |a Virzi, Paolo. 
700 1 |a Teghil, Alice; reparto. 
700 1 |a Castellitto, Sergio; reparto. 
700 1 |a Buy, Margherita; reparto. 
653 |a LARGOMETRAJE 
653 |a DRAMA 
653 |a COMEDIA 
859 |a CEMS  |b BIB. CEMS - Depto. Recursos Didacticos  |h 778.5  |i VIR  |k DRD  |p 3318.24  |t Ej.1